Algoritmičeskije jazyki real'nogo vremeni konstruirovanije i razrabotka

Saved in:
Bibliographic Details
Format: Book
Language:Russian
Published: Moskva Mir 1985
Tags: Add Tag
No Tags, Be the first to tag this record!

MARC

LEADER 00000nam a2200000 4500
001 c110417
005 20260130130212.8
041 0 |a rus 
044 |a RU 
245 1 0 |a Algoritmičeskije jazyki real'nogo vremeni  |b konstruirovanije i razrabotka  |c Stephen J. Young ; [Perevod s anglijskogo L.V. Uchov] 
264 1 |a Moskva  |b Mir  |c 1985 
300 |a 400 s.